Guess the Epic: The musical songs - Statistics

General Stats
  • This quiz has been taken 149 times
  • The average score is 36 of 40
Answer Stats
Hint Answer % Correct
Just a ____ Just a man
97%
____ Speed Ahead Full speed ahead
95%
____ Arms Open arms
95%
The ____ and the Infant The horse and the infant
95%
Warrior of the ____ Warrior of the mind
95%
Not ____ for loving you Not sorry for loving you
94%
____ Wolf Little Wolf
93%
____ Runs Out Luck runs out
93%
Thunder ____ Thunder Bringer
93%
God ____ God Games
92%
Love in ____ Love in Paradise
92%
Mon____ Monster
92%
____phemus Polyphemus
92%
Hold them ____ Hold them down
91%
Keep your ____ Close Keep your friends close
91%
Ody____ Odysseus
91%
Sc____ Scylla
91%
Sur____ Survive
91%
Different ____ Different beast
90%
Get in the____ Get in the water
90%
____ary Legendary
90%
____eer Puppeteer
90%
____ Them Remember them
90%
____ness Ruthlessness
90%
There are other ____ There are other ways
90%
____ You Like Wouldn't you like
90%
No ____ You No longer you
89%
I can't help but ____ I can't help but wonder
88%
Mu____ Mutiny
88%
____ hundred Strike Six hundred Strike
88%
____ing Suffering
88%
We'll be ____ We'll be fine
88%
____bdis Charybdis
87%
My ____ My goodbye
86%
The ____ The Underworld
86%
____ For Done for
85%
____ you fall in love with me again Would you fall in love with me again
85%
____ous Dangerous
83%
S____ Storm
83%
The ____ The Challenge
83%
No matching quizzes found
Score Distribution
Percent of People with Each Score
Percentile by Number Answered
Your Score History
You have not taken this quiz